书目信息 |
| 题名: |
外贸行业实用英语对话及词汇手册
|
|
| 作者: | 刘林涛 编著 | |
| 分册: | ||
| 出版信息: | 北京 中国水利水电出版社 2009.01 |
|
| 页数: | 323页 | |
| 开本: | 23cm | |
| 丛书名: | 实用行业英语系列 | |
| 单 册: | ||
| 中图分类: | H313.1-62 , H319.9-62 | |
| 科图分类: | ||
| 主题词: | 对外贸易--英语--词汇--手册 , 对外贸易--英语--口语--手册 , 口语 , 对外贸易 , 英语 , 词汇 | |
| 电子资源: | ||
| ISBN: | 978-7-5084-5953-0 | |
| 000 | 01084oam2 2200337 450 | |
| 001 | 1250966539 | |
| 005 | 20120109141019.04 | |
| 010 | @a978-7-5084-5953-0@dCNY36.00 | |
| 090 | @aH319.9@bllt | |
| 096 | @aH319@bllt | |
| 100 | @a20090324d2009 em y0chiy50 ea | |
| 101 | 0 | @aeng@achi |
| 102 | @aCN@b110000 | |
| 105 | @ay z 000yy | |
| 200 | 1 | @a外贸行业实用英语对话及词汇手册@b专著@f刘林涛等编著@9wai mao hang ye shi yong ying yu dui hua ji ci hui shou ce |
| 210 | @a北京@c中国水利水电出版社@d2009.01 | |
| 215 | @a323页@d23cm | |
| 225 | 2 | @a实用行业英语系列 |
| 330 | @a本书分为两部分,第一部分介绍外贸行业的常用句型和对话,第二部分介绍外贸行业的相关专业词汇。每个单元包含常用句型、经典对话和知识补贴三部分。 | |
| 461 | 0 | @1001003495399 |
| 606 | 0 | @a对外贸易@x英语@x词汇@j手册 |
| 606 | 0 | @a对外贸易@x英语@x口语@j手册 |
| 606 | 0 | @a口语 |
| 606 | 0 | @a对外贸易 |
| 606 | 0 | @a英语 |
| 606 | 0 | @a词汇 |
| 690 | @aH313.1-62@v4 | |
| 690 | @aH319.9-62@v4 | |
| 701 | 0 | @a刘林涛@4编著@9liu lin tao |
| 801 | 0 | @aCN@b110120@c20090205 |
| 905 | @aZUCC@dH319.9-62@eL6461 | |
| 外贸行业实用英语对话及词汇手册/刘林涛等编著.-北京:中国水利水电出版社,2009.01 |
| 323页;23cm.-(实用行业英语系列) |
| ISBN 978-7-5084-5953-0:CNY36.00 |
| 本书分为两部分,第一部分介绍外贸行业的常用句型和对话,第二部分介绍外贸行业的相关专业词汇。每个单元包含常用句型、经典对话和知识补贴三部分。 |
| ● |
| 相关链接 |
|
|
|
正题名:外贸行业实用英语对话及词汇手册
索取号:H319.9-62/L6461
 
预约/预借
| 序号 | 登录号 | 条形码 | 馆藏地/架位号 | 状态 | 备注 |
| 1 | 482405 | 204824057 | 语言库209/209语言库 115排2列4层/ [索取号:H319.9-62/L6461] | 在馆 | |
| 2 | 482406 | 204824066 | 语言库209/209语言库 115排2列4层/ [索取号:H319.9-62/L6461] | 在馆 | |
| 3 | 482407 | 204824075 | 语言库209/209语言库 115排2列4层/ [索取号:H319.9-62/L6461] | 在馆 |